000 00725nam a2200253 a 4500
001 00003616
008 110328s1997 ii a g 000 0 eng d
020 _a8170298660 :
_cRs.180.00
040 _aBD-DhIUB
_cBD-DhIUB
082 0 4 _a005.757A
_219
100 1 _aSiegel, Charles
245 0 0 _aTeach yourself access 97 for windows /
_cCharles Siegel
250 _a1st ed.
260 _aNew Delhi :
_bB. P. B. Publications,
_c1997.
300 _axiv, 482 p. :
_bill. ;
_c24 cm.
520 0 _aComputer Science
556 _a1997-09-29
650 1 7 _aData processing
_2Spines
650 1 7 _aPrograming
_2Spines
650 1 7 _aData base
_2Spines
653 0 0 _aAccess 97
999 _c11826
_d11826
526 _bcse